000 003190000a22001450004500
003 MACL
040 _aMACL
090 _c31811
_d31809
100 _aAsh, Niema
245 _aFlight of the Wind Horse
_bA Journey into Tibet
260 _bRider Books
_c1990
350 _a715
650 _aTravel
942 _cBOOK
_k910/ASH
999 _c31491
_d31491